000 00372nam a2200121Ia 4500
008 210430s9999 xx 000 0 und d
082 _a621.3678 G437 I
100 _aPaul J Gibson
_952558
245 _aIntroductory Remote Sensing principles and concepts
_cPaul J Gibson
260 _aLondon
_bRoutledge Taylor & Francis Group
_c2000
300 _a184p.
942 _cBK
_2ddc
999 _c561850
_d561850